000 00431nam a2200157 i 4500
001 bg
100 1 _aBRAUN, U.
245 0 _aIspytanija vysokoprocnych metalliceskich materialov na vjazkost razrusenija pri ploskoj deformacii /
_cU. Braun, Srouli Dż.
260 _aMoskva,
_c1972.
700 1 _aSROULI, Dż.
040 _cBPK
041 _apol
080 _a669.14
942 _cKS
008 s pl f |000 0 pol
999 _c14938
_d14938
856 _uhttp://koha.tu.koszalin.pl/cgi-bin/koha/opac-detail.pl?biblionumber=14938
_yKatalog online BPK